<?xml version="1.0" encoding="UTF-8"?>
<record
    xmlns:xsi="http://www.w3.org/2001/XMLSchema-instance"
    xsi:schemaLocation="http://www.loc.gov/MARC21/slim http://www.loc.gov/standards/marcxml/schema/MARC21slim.xsd"
    xmlns="http://www.loc.gov/MARC21/slim">

  <leader>02683nam a2200325 a 4500</leader>
  <controlfield tag="001">ASIN0199546851</controlfield>
  <controlfield tag="005">20170105102905.0</controlfield>
  <controlfield tag="008">131022s2010    xxu                 eng d</controlfield>
  <datafield tag="020" ind1=" " ind2=" ">
    <subfield code="a">0199546851 (paperback)</subfield>
    <subfield code="c">$35.00</subfield>
  </datafield>
  <datafield tag="020" ind1=" " ind2=" ">
    <subfield code="a">9780199546855 (paperback)</subfield>
  </datafield>
  <datafield tag="040" ind1=" " ind2=" ">
    <subfield code="a">0</subfield>
  </datafield>
  <datafield tag="050" ind1="0" ind2="4">
    <subfield code="a">HV31</subfield>
  </datafield>
  <datafield tag="082" ind1="0" ind2="4">
    <subfield code="a">320.5409</subfield>
  </datafield>
  <datafield tag="100" ind1="1" ind2=" ">
    <subfield code="a">Beland, Daniel.</subfield>
  </datafield>
  <datafield tag="245" ind1="1" ind2="0">
    <subfield code="a">Nationalism and social policy :</subfield>
    <subfield code="b">the politics of territorial solidarity /</subfield>
    <subfield code="c">Daniel Beland, Andre Lecours.</subfield>
  </datafield>
  <datafield tag="260" ind1=" " ind2=" ">
    <subfield code="a">[S.l.] :</subfield>
    <subfield code="b">Oxford University Press, USA,</subfield>
    <subfield code="c">2010.</subfield>
  </datafield>
  <datafield tag="300" ind1=" " ind2=" ">
    <subfield code="a">272 p. ;</subfield>
    <subfield code="c">24 cm.</subfield>
  </datafield>
  <datafield tag="520" ind1=" " ind2=" ">
    <subfield code="a">Despite the recent proliferation of literature on nationalism and on social policy, relatively little has been written to analyze the possible interaction between the two. Scholars interested in social citizenship have indirectly dealt with the interaction between national identity and social programs such as the British NHS, but they have seldom examined this connection in reference to nationalism. Specialists of nationalism rarely mention social policy, focusing instead on language, culture, ethnicity, and religion. The main objective of Nationalism and Social Policy is to explore the nature of the connection between nationalism and social policy from a comparative and historical perspective. At the theoretical level, this analysis will shed new light on a more general issue: the relationships between identity formation, territorial politics, and social policy. Although this book refers to the experience of many different countries, the main cases are three multinational states, that is, states featuring strong nationalist movements: Canada (Quebec), the United Kingdom (Scotland), and Belgium (Flanders). Nationalism and Social Policy looks at the interplay between nationalism and social policy at both the state and sub-state levels through a detailed comparison between these three cases. In its concluding chapter, the book brings in cases of mono-national states (i.e. France, Germany, Sweden, and the United States) to provide broader comparative insight on the meshing of nationalism and social policy. The original theoretical framework for this research is built using insight from selected scholarship on nationalism and on the welfare state.</subfield>
  </datafield>
  <datafield tag="650" ind1=" " ind2="0">
    <subfield code="a">Autonomy and independence movements</subfield>
  </datafield>
  <datafield tag="650" ind1=" " ind2="0">
    <subfield code="a">Belgium--Flanders</subfield>
  </datafield>
  <datafield tag="650" ind1=" " ind2="0">
    <subfield code="a">Canada</subfield>
  </datafield>
  <datafield tag="650" ind1=" " ind2="0">
    <subfield code="a">Great Britain</subfield>
  </datafield>
  <datafield tag="650" ind1=" " ind2="0">
    <subfield code="a">Public welfare--Political aspects</subfield>
  </datafield>
  <datafield tag="650" ind1=" " ind2="0">
    <subfield code="a">Scotland</subfield>
  </datafield>
  <datafield tag="650" ind1=" " ind2="0">
    <subfield code="a">Separatist movements</subfield>
  </datafield>
  <datafield tag="650" ind1=" " ind2="0">
    <subfield code="a">Social policy</subfield>
  </datafield>
  <datafield tag="700" ind1="1" ind2=" ">
    <subfield code="a">Lecours, Andre.</subfield>
  </datafield>
  <datafield tag="856" ind1="4" ind2="0">
    <subfield code="3">Amazon.com</subfield>
    <subfield code="u">http://www.amazon.com/exec/obidos/ASIN/0199546851/chopaconline-20</subfield>
  </datafield>
  <datafield tag="942" ind1=" " ind2=" ">
    <subfield code="2">ddc</subfield>
    <subfield code="c">BK</subfield>
  </datafield>
  <datafield tag="999" ind1=" " ind2=" ">
    <subfield code="c">14816</subfield>
    <subfield code="d">14816</subfield>
  </datafield>
  <datafield tag="952" ind1=" " ind2=" ">
    <subfield code="0">0</subfield>
    <subfield code="1">0</subfield>
    <subfield code="4">0</subfield>
    <subfield code="7">0</subfield>
    <subfield code="8">NFIC</subfield>
    <subfield code="a">CIPS</subfield>
    <subfield code="b">CIPS</subfield>
    <subfield code="c">GEN</subfield>
    <subfield code="d">2013-10-01</subfield>
    <subfield code="l">1</subfield>
    <subfield code="o">320.5409 BEL 2010</subfield>
    <subfield code="p">CIPS0001393</subfield>
    <subfield code="r">2015-05-21</subfield>
    <subfield code="s">2015-01-15</subfield>
    <subfield code="w">2013-10-22</subfield>
    <subfield code="y">BK</subfield>
  </datafield>
</record>
